Economía Mundial (Registro nro. 4315)

Detalles MARC
000 -LEADER
fixed length control field 02882 a2200301 4500
001 - CONTROL NUMBER
control field 47196
005 - DATE AND TIME OF LATEST TRANSACTION
control field 20260407155740.0
008 - FIXED-LENGTH DATA ELEMENTS--GENERAL INFORMATION
fixed length control field 260407a1995 arg spa d
003 - CONTROL NUMBER IDENTIFIER
control field AR-UNSa-BCEJYS
040 ## - CATALOGING SOURCE
Original cataloging agency AR-UNSa-BCEJYS
Language of cataloging spa
Transcribing agency AR-UNSa-BCEJYS
080 ## - UNIVERSAL DECIMAL CLASSIFICATION NUMBER
Universal Decimal Classification number 339.9
Common auxiliary subdivision Economía internacional en general. Relaciones económicas internacionales. Economía mundial
020 ## - INTERNATIONAL STANDARD BOOK NUMBER
International Standard Book Number 84-481-1684-4
100 1# - MAIN ENTRY--PERSONAL NAME
Personal name Casares Vidal, Dolors
245 10 - TITLE STATEMENT
Title Economía Mundial
264 #1 - PRODUCTION, PUBLICATION, DISTRIBUTION, MANUFACTURE, AND COPYRIGHT NOTICE
Place of production, publication, distribution, manufacture Madrid :
Name of producer, publisher, distributor, manufacturer McGraw-Hill
Date of production, publication, distribution, manufacture, or copyright notice 1995
300 ## - PHYSICAL DESCRIPTION
Extent 480 p.
Dimensions 25 cm.
505 ## - FORMATTED CONTENTS NOTE
Formatted contents note Primera Parte : METODOLOGIA Y CONCEPTOS : 1. La sociedad y las ciencias sociales : método y especialización - 2. El método económico-estructural - 3. Las estructuras eocioeconómicas -- Segunda Parte : EL DESARROLLO CAPITALISTA : 4. La estructura económica capitalista - 5. La dinámica estructural capitalista (I) : Leyes - 6. La dinámica estructural capitalista (II) : Los efectos - 7. La formación del sistema capitalista mundial -- Tercera Parte : LA INFRAESTRUCTURA DEL SISTEMA MUNDIAL : LOS RECURSOS MUNDIALES : 8. El análisis empírico del Sistema Centro/Periferia - 9. El proceso de reproducción de la población mundial - 10. La relación economía-población - 11. Los recursos naturales - 12. La base energética del Sistema - 13. Agricultura y alimentación mundiales - 14. El proceso de industrialización capitalista - 15. La industria mundial - 16. La terciarización de la economía mundial - 17. La crisis en la infraestructura sistémica -- Cuarta Parte : LA ESTRUCTURA DEL SISTEMA CAPITALISTA MUNDIAL : LAS RELACIONES CENTRO-PERIFERIA : 18. El desarrollo capitalista en el Centro del Sistema - 19. La mundialización capitalista desde el Centro del Sistema - 20. La integración económica - 21. El desarrollo capitalista en la Periferia del Sistema - 22. Capitalismo periférico y alternativas de desarrollo - 23. La estructura económica mundial (I) : El comercio Centro-Periferia - 24. La estructura económica mundial (II) : Los flujos financieros Centro/Periferia - 25. La estructura económica mundial (III) : Cooperación y ayuda al desarrollo - 26. La crisis de la economía mundial -- Quinta Parte : LA SUPERESTRUCTURA DEL SISTEMA MUNDIAL : LOS ORGANISMOS ECONOMICOS MUNDIALES : 27. La regulación del comercio internacional - 28. Las instituciones de integración económica - 29. La regulación del sistema financiero internacional.
590 ## - LOCAL NOTE (RLIN)
Local note niveau_biblio:m niveau_hierar:0
700 1# - ADDED ENTRY--PERSONAL NAME
Personal name Martinez Peinado, Javier
700 1# - ADDED ENTRY--PERSONAL NAME
Personal name Vidal Villa, José María
700 1# - ADDED ENTRY--PERSONAL NAME
Personal name Artés, Ramón Franquesa
700 1# - ADDED ENTRY--PERSONAL NAME
Personal name Maestro Yarza, Irene
700 1# - ADDED ENTRY--PERSONAL NAME
Personal name Sánchez Tabarés, Ramón
700 1# - ADDED ENTRY--PERSONAL NAME
Personal name Talavera Déniz, Pedro
700 1# - ADDED ENTRY--PERSONAL NAME
Personal name Vilaseca i Requena, Jordi
856 41 - ELECTRONIC LOCATION AND ACCESS
Uniform Resource Identifier <a href="https://www.biblioeco.unsa.edu.ar/pmb/images/libros/L127427.jpg">https://www.biblioeco.unsa.edu.ar/pmb/images/libros/L127427.jpg</a>
Link text Imagen de portada
Electronic format type image/jpeg
942 ## - ADDED ENTRY ELEMENTS (KOHA)
Koha item type
Existencias
Withdrawn status Lost status Damaged status Not for loan Home library Current library Shelving location Date acquired Total checkouts Full call number Barcode Date last seen Price effective from Koha item type
        Biblioteca Prof. Eusebio Cleto del Rey Biblioteca Prof. Eusebio Cleto del Rey   07/04/2026   339.9 V648 L127427 07/04/2026 07/04/2026 Libro